| 000 | 02661nam a22002657a 4500 | ||
|---|---|---|---|
| 008 | 230712s2023 xxk|||||o|||| 00| 0 eng d | ||
| 041 | _aeng | ||
| 110 | _aRoyal Institution of Chartered Surveyors | ||
| 245 |
_aUK Rural Conference _bNavigating the Transition: Sustainability, Innovation, and Empowerment in UK Rural Sector |
||
| 260 |
_aCirencester, _bRoyal Institution of Chartered Surveyors, _c27 June 2023 |
||
| 490 | _aRICS Conference | ||
| 500 | _aThis was a face-to-face event but was also recorded and is available from end of July 2023 online for those with the anyone has the RICS development package | ||
| 520 | _aThe UK rural sector is in a state of significant transition. Against a backdrop of a net zero target by 2050, the RICS UK Rural Conference will be an insightful and informative event for all those involved in the rural economy, including farmers, land managers, surveyors, valuers and environmentalists. The conference will brought together experts in the field to discuss current and upcoming developments, as well as provide practical insights and advice on how to prepare for the future challenges. Covering an eclectic range of topics including DEFRA's Agricultural Transition, the RICS Guidance Note on Land Agreements for Development Purposes, Planning and the Levelling Up Agenda,Taxation Update, International Trade Deals, Carbon Markets, Energy and Property, Legal Update, and Empowering Positive Environmental Change. Special address from Tina Pailett FRICS, President Elect, RICS; Opening keynote: An update from DEFRA on agricultural transition presented by Fiona James; An update on RICS Guidance Note – Land agreements for development purposes presented by David O'Reilly MRICS; Panel Discussion: Planning and the levelling up agenda; Taxation updates by James Stevens; International trade deals and impact on UK agriculture presented by Nick von Westenholz; Biodiversity Net Gain: Navigating the opportunity for the rural economy presented by Alexa Culver; Energy and property presented by Emma Fletcher; Legal update on land use and management presented by Carrie de Silva; Empowering positive environmental change (GIS mapping) presented by Tim Hopkin; | ||
| 650 | _aAGRICULTURE | ||
| 650 | _aBIODIVERSITY NET GAIN | ||
| 650 | _aGEOMATICS | ||
| 650 | _aLAND AGREEMENTS | ||
| 650 | _aRURAL | ||
| 651 | _aUnited Kingdom | ||
| 690 |
_96251 _aLand use |
||
| 690 |
_96238 _aEnvironment |
||
| 710 | _aRoyal Institution of Chartered Surveyors | ||
| 856 |
_uhttps://rics.koha-ptfs.co.uk/cgi-bin/koha/opac-retrieve-file.pl?id=a638fcda4356d0676f30e05f969b93c5 _zView the conference programme |
||
| 942 | _n0 | ||
| 999 |
_c121602 _d121602 |
||